000
00253nam a22001217a 4500
008
170406b xxu||||| |||| 00| 0 eng d
041
_a
eng
080
_a
611.018
100
_a
9
101
_a
SHM
245
_a
HISTOLOGJISE
_c
RESNJA.X
942
_2
udc
_c
BK
999
_c
10030
_d
10030